Computer and control abstracts
Saved in:
| Corporate Authors: | , |
|---|---|
| Format: | Serial |
| Language: | English |
| Published: |
Sevenage,Herts UK :
Institution of Electrical Engineers,
1969-
|
| Series: | Science abstract series C
|
| Subjects: | |
| Tags: |
Add Tag
No Tags, Be the first to tag this record!
|
MARC
| LEADER | 00000nas a2200000 i 4500 | ||
|---|---|---|---|
| 001 | 1/102664 | ||
| 008 | 000226c19699999 eng d | ||
| 022 | |a 00368113 | ||
| 035 | |l 10058172 | ||
| 040 | |a GR-MY-UA |b gre |e aacr | ||
| 041 | 0 | |a eng | |
| 082 | 0 | |a 016.0016405 | |
| 110 | 2 | |a Institution of Electrical Engineers. | |
| 245 | 1 | 0 | |a Computer and control abstracts |h [περιοδικό] / |c Institution of Electrical Engineers ; Institute of Electrical and Electronics Engineers |
| 246 | 3 | 3 | |a Computer & control abstracts |
| 260 | |a Sevenage,Herts UK : |b Institution of Electrical Engineers, |c 1969- | ||
| 300 | |a v.; |c 30 cm. | ||
| 310 | |a Monthly | ||
| 490 | 1 | |a Science abstract series C | |
| 650 | 0 | 0 | |a Computers |x Abstracts |x Periodicals. |
| 650 | 0 | 0 | |a Computers |x Bibliography |x Periodicals. |
| 650 | 0 | 0 | |a Control theory |x Abstracts |x Periodicals. |
| 650 | 0 | 0 | |a Control theory |x Bibliography |x Periodicals. |
| 650 | 0 | 0 | |a Automatic control |x Abstracts |x Periodicals. |
| 650 | 0 | 0 | |a Automatic control |x Bibliography |x Periodicals. |
| 650 | 0 | 0 | |a Computer-assisted instruction |x Abstracts. |
| 710 | 2 | |a Institute of Electrical and Electronics Engineers. | |
| 830 | 0 | |a Science abstract series C | |
| 853 | |a INST |b SAMOS |c SER | ||
| 922 | |a 3ΕΛΗ |b (199911) |c ΚΕΝΤΡΙΚΗ ΒΙΒΛΙΟΘΗΚΗ |d SWETS | ||